000 01329naa a22003137a 4500
001 BR9404536
003 BR-BrBNA
005 20240918181230.0
007 ta
008 230509b bl.||||| |||| 00| 0 por d
040 _aBR-BrBNA
_bpor
_cBiblioteca Nacional de Agricultura
041 _a(Pt)
072 _aF08; E16
_b2140
_b0120
_b0336
090 _aF08 BR9404536
100 1 _aCroce, D.M. da
100 1 _aNadal, R. de
111 1 _a2. Encontro Brasileiro de Economia e Planejamento Florestal
_cCuritiba, PR (Brazil)
_d30 Sep - 4 Oct 1991
245 1 _aViabilidade tecnico-economica de sistemas de producao de erva-mate consorciada com culturas anuais
260 3 _aColombo, PR (Brasil):
_c1992.
500 _a2. Encontro Brasileiro de Economia e Planejamento Florestal. Anais. V. 1: Sistemas agroflorestais no Brasil: aspectos tecnicos e economicos Colombo, PR (Brasil): 1992. p. 329-336 (BR9404536-AM)F08
650 _aMate
650 _aMilho
650 _aSoja
650 _aConsorciacao de Cultura
650 _aAnalise Economica
773 0 _t2. Encontro Brasileiro de Economia e Planejamento Florestal. Anais. V. 1: Sistemas agroflorestais no Brasil: aspectos tecnicos e economicos
_wF08 BR9404536
_gColombo, PR (Brasil), 1992. p. 329-336
909 _a202404
_bLucia
_c55
_dLucia Elande
942 _cAM
_2AGRIS
999 _c324249
_d324249